Statistics for Fulham all-time top scorers

Click here to take the quiz!

General Stats

  • This quiz has been taken 8 times
  • The average score is 4 of 10

Answer Stats

GoalsNationalityPlayer% Correct
111SerbiaAleksandar Mitrovic
100%
179WalesGordon Davies
67%
158EnglandJohnny Haynes
50%
135ScotlandGraham Leggat
33%
90EnglandLes Barrett
33%
108EnglandSteve Earle
33%
123EnglandArthur Stevens
17%
154EnglandBedford Jezzard
17%
84EnglandJim Hammond
17%
96EnglandMaurice Cook
17%

Score Distribution

Percentile by Number Answered

Percent of People with Each Score

Your Score History

You have not taken this quiz